000 00751nam a2200253Ia 4500
003 OSt
005 20220928112705.0
006 a|||||r|||| 00| 0
007 ta
008 220927b |||||||| |||| 00| 0 hin d
020 _cINR 1000.00
024 _a142497
037 _b00045, 15/02/2020, Kiran Book Service
_cTextual
040 _aSDCL
_cSDCL
_bhin
041 _2hin
_ahin
082 _aO152:3N:g, Q7
100 _aSharma Mamta
_9429281
245 0 _aSamkaleen Hindi kahani aur mulya chetna
260 _aNew Delhi
_bRawat Prakashan
_c2017
300 _av,232p.
_ccm.
650 _aHindi
_9391598
942 _hO152:3N:g, Q7
_cTEXL
_2CC
999 _c745784
_d745784